| 000 | 00583nam a2200217 a 4500 | ||
|---|---|---|---|
| 008 | |||
| 020 | _a0340052171 (pbk.) | ||
| 049 | _aMAIN | ||
| 090 | 0 | 0 | _aQA37.2 |
| 100 | 1 | _aGow, Margaret M. | |
| 245 | 1 | 2 |
_aA course in pure mathematics / _cMargaret M. Gow. |
| 260 |
_aLondon : _bE. Arnold, _c1960 |
||
| 300 |
_axi, 619 p. : _bill. ; _c22 cm. |
||
| 500 | _aIncludes index. | ||
| 650 | 0 | _aMathematics. | |
| 907 |
_a.b10140542 _b06-12-04 _c23-11-04 |
||
| 003 | |||
| 005 | 20230123133852.0 | ||
| 040 | _cNUST | ||
| 942 |
_cBOOKS _kQA37.2 |
||
| 999 |
_c156024 _d156024 |
||